000 01597nam0a2200349 4500
001 RU\NLR\bibl\1852644
005 20260405132331.0
010 _a978-5-98079-719-5
_930
021 _aRU
_b2011-96670
_96927
035 _a(nilc)RSL-KNO-005110188
035 _a(NLR Aleph) 001842586
090 _a2292687
_c2292687
100 _a20111212d2011 |||y0rusy50 ca
101 0 _arus
102 _aRU
105 _ay |||||||||
200 1 _aСаморегулирование в предпринимательской деятельности
_eучебное пособие
_fИ.Г. Морозова
_gМоск. гуманит. ун-т
210 _aМосква
_cИзд-во Московского гуманитарного университета
_d2011
215 _a131 с.
_d21
320 _aБиблиогр.: с. 92-98 (97 назв.) и в подстроч. примеч.
606 1 _aПредпринимательство
_jУчебные издания для высших учебных заведений
_xСаморегулирование
_yРоссийская Федерация
_92258255
_3RU\NLR\auth\661354211
610 0 _aсаморегулируемые организации
686 _aХ623.012.3я73-1
_2rubbk
686 _aУ9(2)-13(2Р)я73
700 1 _4070
_7ca
_8rus
_aМорозова
_bИ. Г.
_cюрист
_gИрина Геннадьевна
_936120
_3RU\NLR\auth\7753187
801 0 _aRU
_bRuMoRKP
_c20111212
_grcr
801 1 _aRU
_bРГБ
_c20111212
801 2 _aRU
_bNLR
_c20111223
_grcr
942 _cBOOK
980 _aNB
980 _aNBR